| 000 | 00474nam a22002057a 4500 | ||
|---|---|---|---|
| 003 | Nust | ||
| 005 | 20210924162227.0 | ||
| 008 | 170222b xxu||||| |||| 00| 0 eng d | ||
| 020 | _a9788120327276 | ||
| 038 | _akhadija | ||
| 040 | _cc | ||
| 082 |
_a620 _bPAU |
||
| 100 |
_aPaul, Ranjan Akshoy _982779 |
||
| 245 | _aMechanical Sciences | ||
| 260 |
_aNew Delhi : _bPHI, _c2010. |
||
| 300 |
_a587 p. ; _b23 cm. |
||
| 500 | _aPaperback. | ||
| 563 | _aPB | ||
| 942 |
_cBK _2ddc |
||
| 999 |
_c33908 _d33908 |
||